006550000a2200181000450024501410000065000180014165000260015965000270018565000290021265000190024165000190026065100260027965300540030504100130035970000270037210000190039977300550041810aResource availability, diet and reproduction in Glossophaga longirostris () in an arid zone of the Venezuela Andes14aMurciélagos14aReproducción animal14aHábitos alimentarios14aRelación planta-animal14aPolinización14aZonas áridas 4lLagunillaspVenezuela fChiropteragGlossophagaeGlossophaga longirostris0 aInglés1 aSoriano M., Pascual J.1 aSosa, Maricela1 tJournal of Tropical Ecology312h12q805-818d1996